A proclamation to the Government Officials of the United States of America and to the Government Officials of Canada
Sparad:
| Huvudupphovsman: | |
|---|---|
| Materialtyp: | Bok |
| Språk: | engelska |
| Publicerad: |
Hildale
Fundamentalist Church of Jesus Christ of Latter-day Saints
2010
|
| Ämnen: | |
| Taggar: |
Lägg till en tagg
Inga taggar, Lägg till första taggen!
|
MARC
| LEADER | 00000nam a2200000 a 4500 | ||
|---|---|---|---|
| 001 | UCG7211 | ||
| 003 | CL-VaPUC | ||
| 008 | 110624e20100000us |||||||||||||||||eng|d | ||
| 020 | |a 9781937271015 | ||
| 082 | 0 | 4 | |a 289.332 |b JEF |2 21 |
| 100 | |a Jeffs, Warren S |e author |9 567404 | ||
| 245 | 1 | 2 | |a A proclamation to the Government Officials of the United States of America and to the Government Officials of Canada |
| 300 | |a 17 p | ||
| 942 | |c BK | ||
| 945 | |d 20110624 00:00:00 |a dcastane | ||
| 260 | |a Hildale |b Fundamentalist Church of Jesus Christ of Latter-day Saints |c 2010 | ||
| 600 | 0 | 7 | |a IGLESIA DE JESUCRISTO DE LOS SANTOS DE LOS ULTIMOS DIAS |2 CL-VaPUC |9 557875 |
| 650 | 7 | |a IGLESIA MORMONA |2 CL-VaPUC |9 557876 | |
| 650 | 7 | |a MORMONES |2 CL-VaPUC |9 408070 | |
| 650 | 7 | |a IDEOLOGIA Y FE |2 CL-VaPUC |9 557877 | |
| 650 | 7 | |a IDEOLOGIAS RELIGIOSAS |2 CL-VaPUC |9 399823 | |
| 583 | |a last modification |c 20171114 11:02:20 |k Rodrigo Vera | ||
| 999 | |c 345274 |d 345272 | ||
| 952 | |0 0 |1 0 |4 0 |6 289_332000000000000_JEF_2010 |7 0 |8 P |9 443763 |a BIBEDU |b BIBEDU |c BIBEDU_PB |d 2019-11-22 |i 4784715 |o 289.332 JEF 2010 |p 4784715 |r 2024-01-25 |w 2019-11-22 |y BK |k FIL | ||
| 952 | |0 0 |1 0 |4 0 |6 289_332000000000000_JEF_2010 |7 0 |8 A |9 443764 |a BIBTEO |b BIBTEO |d 2019-11-22 |i 4784677 |o 289.332 JEF 2010 |p 4784677 |r 2024-01-18 |w 2019-11-22 |y BK |k ICR | ||
| 952 | |0 0 |1 0 |4 0 |6 289_332000000000000_JEF_2010 |7 0 |8 A |9 443765 |a BIBHIS |b BIBHIS |d 2019-11-22 |i 4784634 |o 289.332 JEF 2010 |p 4784634 |r 2025-01-20 |w 2019-11-22 |y BK |k HIS | ||